000 00418nam a2200181Ia 4500
001 23740
005 20260414150957.0
008 260414t2007||||xx |||||||||||||| ||spa||
041 _aESP
082 _a701.17
_bE21 2007
100 _aEco, Umberto
_eAUT
245 0 _aHistoria de la fealdad
_b
260 _c2007
300 _a453 páginas :
_ccm.
650 _aABD
654 _aCAU
942 _cLIB
_dJUS
_fJUS
_2ddc
_n
999 _c23740
_d23740